Awake where you are: (Record no. 1430957)

MARC details
000 -LEADER
fixed length control field 00777nam a22002417a 4500
005 - DATE AND TIME OF LATEST TRANSACTION
control field 20250523122724.0
008 - FIXED-LENGTH DATA ELEMENTS--GENERAL INFORMATION
fixed length control field 250523b |||||||| |||| 00| 0 eng d
020 ## - INTERNATIONAL STANDARD BOOK NUMBER
International Standard Book Number 978-1-61429-722-2 (pbk)
037 ## - SOURCE OF ACQUISITION
Terms of availability TB
040 ## - CATALOGING SOURCE
Original cataloging agency CRL
Transcribing agency CRL
041 ## - LANGUAGE CODE
Source of code eng
Language code of text/sound track or separate title eng
084 ## - COLON CLASSIFICATION NUMBER
Classification number Q4:412 R1
Assigning agency CRL
100 ## - MAIN ENTRY--PERSONAL NAME
Personal name Aylward, Martin
9 (RLIN) 810415
245 ## - TITLE STATEMENT
Title Awake where you are:
Remainder of title The art of embodied awareness
260 ## - PUBLICATION, DISTRIBUTION, ETC.
Place of publication, distribution, etc. Somerville, USA:
Name of publisher, distributor, etc. Wisdom Publications,
Date of publication, distribution, etc. 2021.
300 ## - PHYSICAL DESCRIPTION
Extent 219p.
365 ## - TRADE PRICE
Price amount 18.95
Currency code USD
650 ## - SUBJECT ADDED ENTRY--TOPICAL TERM
Topical term or geographic name entry element Religion
9 (RLIN) 810416
650 ## - SUBJECT ADDED ENTRY--TOPICAL TERM
Topical term or geographic name entry element Buddhism
9 (RLIN) 810417
650 ## - SUBJECT ADDED ENTRY--TOPICAL TERM
Topical term or geographic name entry element Meditation
9 (RLIN) 810418
942 ## - ADDED ENTRY ELEMENTS (KOHA)
Source of classification or shelving scheme Colon Classification (CC)
Koha item type Textbook
Classification part Q4:412 R1
Suppress in OPAC No
Holdings
Withdrawn status Lost status Source of classification or shelving scheme Damaged status Not for loan Home library Current library Date acquired Source of acquisition Cost, normal purchase price Inventory number Total Checkouts Full call number Barcode Date last seen Price effective from Koha item type
    Colon Classification (CC)     Central Library Central Library 2025-05-23 Elite Publishers Distributors 18.95 15011 & 2024-12-06   Q4:412 R1 CL1681769 2025-05-23 2025-05-23 Textbook
Copyright @ Delhi University Library System